000 00736nam a22002177a 4500
999 _c12430
_d12430
003 AR-CdUCM
008 190408b ||||| |||| 00| 0 spa d
020 _a968-494-005-X
040 _aMUNICIPALIDAD PROVINCIAL DEL CUSCO
_cBIBLIOTECA MUNICIPAL DEL CUSCO
082 _aES / 869.15 /
_bC26
100 _aCarballido, Emilio
_94322
245 _aEl Pizarrón Ecantado /
260 _aMéxico :
_bCIDCLI ;
_c1984.
300 _a40 páginas ;
_bIlustraciones
_c22cm
505 _aContenido: Cuento
650 _aCuento
_94671
650 _aLiteratura mexicana
_930276
710 _aCentro de Información y Desarrollo de la Comunicación y la Literatura Infantiles
_930277
942 _2ddc
_cLIBROS
945 _anom
_d2019-04-08